000 00452nam a22001697a 4500
003 OSt
005 20250207095115.0
008 250204s2011 ag ||||| |||| 00| 1 spa d
020 _a9789870422914
040 _cbesoc
100 1 _aCortázar, Julio
_d1914-1984
_eautor
245 1 3 _aEl examen /
_cJulio Cortázar
260 _aBuenos Aires :
_bAlfaguara,
_c2011
300 _a336 p.
650 4 _aLiteratura argentina
_vNovelas
_ySiglo XX
942 _2udc
_cOG
_n0
999 _c424
_d424